| 000 | 00478nam a2200181Ia 4500 | ||
|---|---|---|---|
| 001 | 20464 | ||
| 005 | 20260306172808.0 | ||
| 008 | 260306t2019||||xx |||||||||||||| ||spa|| | ||
| 041 | _aESP | ||
| 082 |
_a343.273 _bD296 |
||
| 100 |
_aDworkin, Ronald _eAUT |
||
| 245 | 0 |
_aEl derecho de las libertades: _bla lectura moral de la Constitución Norteamericana |
|
| 260 | _c2019 | ||
| 300 |
_a422 pƔginas : _c24 cm. |
||
| 650 | _aGEN | ||
| 654 | _aCDE | ||
| 942 |
_cLIB _dJUS _fJUS _2ddc _n |
||
| 999 |
_c20464 _d20464 |
||